| 000 | 00721nam a22002177a 4500 | ||
|---|---|---|---|
| 003 | URS | ||
| 005 | 20260216083458.0 | ||
| 020 | _a9786214063710 | ||
| 040 |
_bEnglish _curs _drda |
||
| 050 |
_aLB 2369 _b.L138 2024 |
||
| 100 |
_4author _aLagrimas, Juliet C. |
||
| 245 |
_aResearch and thesis writing with tips in oral presentation/ _cJuliet Cui-Lagrimas, Kim Joshua Cui Lagrimas. |
||
| 264 |
_aIntramuros, Manila: _bMindshapers Co., Inc Publishing Company; _cc2024 |
||
| 300 |
_axii, 130 pages: _billustrations; _c23 cm. |
||
| 336 |
_2rdacontent _atext _btxt |
||
| 337 |
_2rdamedia _aunmediated _bn |
||
| 338 |
_2rdacarrier _avolume _bnc |
||
| 650 | _aResearch | ||
| 700 |
_4author _aLagrimas, Kim Joshua C. |
||
| 942 |
_2lcc _cF |
||
| 999 |
_c89353 _d89350 |
||